Detalles MARC
| 000 -CABECERA |
| campo de control de longitud fija |
01664nam a2200325 i 4500 |
| 003 - IDENTIFICADOR DEL NÚMERO DE CONTROL |
| campo de control |
DO-SdBNP |
| 005 - FECHA Y HORA DE LA ÚLTIMA TRANSACCIÓN |
| campo de control |
20260304124929.0 |
| 007 - CAMPO FIJO DE DESCRIPCIÓN FÍSICA--INFORMACIÓN GENERAL |
| campo de control de longitud fija |
ta |
| 008 - DATOS DE LONGITUD FIJA--INFORMACIÓN GENERAL |
| campo de control de longitud fija |
250612s1980 dr 000 0 spa d |
| 040 ## - FUENTE DE LA CATALOGACIÓN |
| Centro catalogador/agencia de origen |
DO-SdBNP |
| Lengua de catalogación |
spa |
| Centro/agencia transcriptor |
BNPHU |
| Normas de descripción |
rda |
| 041 ## - CÓDIGO DE LENGUA |
| Código de lengua original |
spa |
| 082 ## - NÚMERO DE LA CLASIFICACIÓN DECIMAL DEWEY |
| Número de clasificación |
303.625 |
| Número de documento/Ítem |
G643v |
| Número de edición |
22 |
| 100 ## - ENTRADA PRINCIPAL--NOMBRE DE PERSONA |
| Nombre de persona |
González Lapeyre, Edison |
| 9 (RLIN) |
13294 |
| Término indicativo de función/relación |
autor |
| Código de función/relación |
aut. |
| 245 13 - MENCIÓN DE TÍTULO |
| Título |
Violencia y terrorismo / |
| Mención de responsabilidad, etc. |
Edison González Lapeyre |
| 264 #1 - PRODUCCIÓN, PUBLICACIÓN, DISTRIBUCIÓN, FABRICACIÓN Y COPYRIGHT |
| Producción, publicación, distribución, fabricación y copyright |
Santo Domingo : |
| Nombre del de productor, editor, distribuidor, fabricante |
Editora Alfa y Omega, |
| Fecha de producción, publicación, distribución, fabricación o copyright |
1980. |
| 300 ## - DESCRIPCIÓN FÍSICA |
| Extensión |
399 páginas ; |
| Dimensiones |
21 cm. |
| 336 ## - TIPO DE CONTENIDO |
| Término de tipo de contenido |
texto |
| Código de tipo de contenido |
txt |
| Fuente |
rdacontent |
| 337 ## - TIPO DE MEDIO |
| Nombre/término del tipo de medio |
sin mediación |
| Código del tipo de medio |
n |
| Fuente |
rdamedia |
| 338 ## - TIPO DE SOPORTE |
| Nombre/término del tipo de soporte |
volumen |
| Código del tipo de soporte |
nc |
| Fuente |
rdacarrier |
| 500 ## - NOTA GENERAL |
| Nota general |
Incluye datos biografícos del autor en la contracubierta. |
| 505 ## - NOTA DE CONTENIDO CON FORMATO |
| Título |
Precisiones terminológicas -- |
| -- |
La agresividad -- |
| -- |
Las raíces de la violencia -- |
| -- |
El terrorismo y el derecho internacional -- |
| -- |
La tipología del terrorismo -- |
| -- |
El terrorismo y los estados liberales -- |
| -- |
El incidente de la embajada de los Estados Unidos en Teherán -- |
| -- |
La prevención del terrorismo / |
| 520 ## - SUMARIO, ETC. |
| Sumario, etc. |
La obra trata sobre la violencia y el terrorismo, incluyendo precisiones terminológicas y temas como la prevención del terrorismo. |
| 590 ## - NOTA LOCAL (RLIN) |
| Nota local |
Inventariado, 2025/ YL |
| 650 #7 - PUNTO DE ACCESO ADICIONAL DE MATERIA--TÉRMINO DE MATERIA |
| Término de materia o nombre geográfico como elemento de entrada |
Terrorismo |
| 9 (RLIN) |
3230 |
| 650 #0 - PUNTO DE ACCESO ADICIONAL DE MATERIA--TÉRMINO DE MATERIA |
| Término de materia o nombre geográfico como elemento de entrada |
Violencia política |
| 9 (RLIN) |
28993 |
| 700 12 - PUNTO DE ACCESO ADICIONAL--NOMBRE DE PERSONA |
| Nombre de persona |
D´Elio, Roberto E. |
| Término indicativo de función/relación |
traducción |
| 9 (RLIN) |
62833 |
| Código de función/relación |
tr. |
| 856 ## - LOCALIZACIÓN Y ACCESO ELECTRÓNICOS |
| Texto de enlace |
https://repositori.lecturafacil.net/sites/default/files/El%20ruise%C3%B1or%20y%20la%20rosa.pdf |
| -- |
https://www.cervantesvirtual.com/obra-visor/el-ruisenor-y-la-rosa-y-otros-cuentos-poemas-en-prosa--0/html/ff0cedbe-82b1-11df-acc7-002185ce6064_2.html |
| 910 ## - DATOS DE OPCIÓN DEL USUARIO (OCLC) |
| Datos de opción del usuario |
Ylockward |
| 942 ## - ELEMENTOS DE PUNTO DE ACCESO ADICIONAL (KOHA) |
| Fuente del sistema de clasificación o colocación |
Dewey Decimal Classification |
| Tipo de ítem Koha |
Libro |